000 01432nmm a2200373 i 4500
001 41175
003 KOSZ 005
005 20250401133639.0
006 m f d |
007 co cg nnnanaau
008 080620s2008 pl fq d | pol|
020 _a9788373651548
040 _aWA N
_cWA N
_dKOSZ 005/HR
046 _k2008
080 _a005.5
080 _a(0.034)
100 1 _aSłowiński, Bronisław
_eAutor
245 1 0 _aWprowadzenie do logistyki /
_cBronisław Słowiński ; red. Alina Leszczyńska.
256 _aDane tekstowe.
260 _aKoszalin :
_bWydawnictwo Uczelniane Politechniki Koszalińskiej,
_c2008.
300 _a1 dysk optyczny (CD-ROM) :
_bkolor ;
_c12 cm.
380 _aE-booki
500 _aTyt. z etykiety na dysku.
538 _aWymagania systemowe: IBM PC; Windows 98 lub nowszy; Adobe Reader; czytnik CD-ROM; mysz.
650 4 _aLogistyka gospodarcza
655 4 _aPodręczniki akademickie
655 4 _aDokumenty elektroniczne
658 _aTransport i logistyka
700 1 _aLeszczyńska, Alina
_eRedakcja
710 2 _aWydawnictwo Uczelniane (Politechnika Koszalińska)
_eWydawca
856 _uhttp://koha.tu.koszalin.pl/cgi-bin/koha/opac-detail.pl?biblionumber=41175
_yKatalog online BPK
856 _uhttp://dlibra.tu.koszalin.pl/dlibra/docmetadata?id=51&from=&dirids=1&ver_id=&lp=1&QI=
_yBiblioteka Cyfrowa
942 _2UKD
_cCD
999 _c41175
_d41175